书目信息 |
| 题名: |
一分钟学会祝酒词
|
|
| 作者: | 王密枢 编著 | |
| 分册: | ||
| 出版信息: | 北京 台海出版社 2024.01 |
|
| 页数: | 152页 | |
| 开本: | 24cm | |
| 丛书名: | ||
| 单 册: | ||
| 中图分类: | TS971.22 | |
| 科图分类: | ||
| 主题词: | 酒文化--jiu wen hua--中国 | |
| 电子资源: | ||
| ISBN: | 978-7-5168-3779-5 | |
| 000 | 01221nam0 2200253 450 | |
| 001 | 94835 | |
| 005 | 20250820214152.37 | |
| 010 | @a978-7-5168-3779-5@dCNY59.80 | |
| 100 | @a20240320d2024 em y0chiy50 ea | |
| 101 | 0 | @achi |
| 102 | @aCN@b110000 | |
| 105 | @aa z 000yy | |
| 106 | @ar | |
| 200 | 1 | @a一分钟学会祝酒词@Ayi fen zhong xue hui zhu jiu ci@f王密枢编著 |
| 210 | @a北京@c台海出版社@d2024.01 | |
| 215 | @a152页@c图@d24cm@e顺口溜1册 (32页 ; 21cm) | |
| 314 | @a王密枢, 公共关系行业资深人士, 畅销书作家。有近二十年的行业和写作经验, 代表作有《别太单纯, 也别太不单纯》《孟非的说话之道》等。其丰富的个人阅历, 缜密细腻、一针见血的笔法, 总能给读者带来大呼过瘾的阅读体验。 | |
| 330 | @a本书以简洁明了的方式, 教授如何在各种场合下发表得体的祝酒词, 帮助读者在社交场合中更加自信、得体地表达祝福。书中第一章概述了祝酒词的重要性以及基本规则, 包括适当的礼仪、语言表达和情感传递等方面的技巧。第二章至第八章则分别探讨了不同场合下的祝酒词, 包括商务宴请、家庭聚会、婚礼和纪念日等, 提供了大量实例和实用建议。 | |
| 606 | 0 | @a酒文化@Ajiu wen hua@y中国 |
| 610 | 0 | @a祝酒词@Azhu jiu ci |
| 690 | @aTS971.22@v5 | |
| 701 | 0 | @a王密枢@Awang mi shu@4编著 |
| 801 | 0 | @aCN@c20250909 |
| 905 | @a河南城建学院图书馆@dTS971.22@eW280@f1 | |
| 一分钟学会祝酒词/王密枢编著.-北京:台海出版社,2024.01 |
| 152页:图;24cm+顺口溜1册 (32页 ; 21cm) |
| ISBN 978-7-5168-3779-5:CNY59.80 |
| 本书以简洁明了的方式, 教授如何在各种场合下发表得体的祝酒词, 帮助读者在社交场合中更加自信、得体地表达祝福。书中第一章概述了祝酒词的重要性以及基本规则, 包括适当的礼仪、语言表达和情感传递等方面的技巧。第二章至第八章则分别探讨了不同场合下的祝酒词, 包括商务宴请、家庭聚会、婚礼和纪念日等, 提供了大量实例和实用建议。 |
| ● |
| 相关链接 |
|
|
|
正题名:一分钟学会祝酒词
索取号:TS971.22/W280
 
预约/预借
| 序号 | 登录号 | 条形码 | 馆藏地/架位号 | 状态 | 备注 |
| 1 | 1629051 | 216290519 | 自科库501/501自科库 44排7列1层/ [索取号:TS971.22/W280] | 在馆 |